[Event "Geraardsbergen op"]
[Site "Geraardsbergen"]
[Date "2003.08.14"]
[Round "2"]
[White "Meulebroek, Kim"]
[Black "Draftian, Ashote"]
[Result "1/2-1/2"]
[WhiteElo "2102"]
[BlackElo "2318"]
[PlyCount "49"]
[EventDate "2003.08.??"]
[EventType "swiss"]
[EventRounds "7"]
[EventCountry "BEL"]
[SourceTitle "EXT 2005"]
[Source "ChessBase"]
[SourceDate "2004.11.15"]
[SourceVersion "1"]
[SourceVersionDate "2004.11.15"]
[SourceQuality "1"]

1. e4 c5 2. Nf3 e6 3. d4 cxd4 4. Nxd4 a6 5. Bd3 Nf6 6. Nd2 Qc7 7. 0-0 Bc5 8. c3 Nc6 9. N2f3 Ng4 10. Nxc6 dxc6 11. Qe2 e5 12. Bc4 h6 13. h3 Nf6 14. Nh4 g5 15. Qf3 Ke7 16. Nf5+ Bxf5 17. Qxf5 Bd6 18. a4 Qd7 19. Qxd7+ Nxd7 20. Rd1 f6 21. b4 b5 22. Be2 Nb6 23. axb5 axb5 24. Bd2 Nc4 25. Bxc4 1/2-1/2